Normal view
MARC view
Entry Personal Name
001 - CONTROL NUMBER
- control field: 160664
003 - CONTROL NUMBER IDENTIFIER
- control field: OSt
005 - DATE AND TIME OF LATEST TRANSACTION
- control field: 20220923211519.0
008 - FIXED-LENGTH DATA ELEMENTS
- fixed length control field: 220923|| aca||aabn | a|a d
040 ## - CATALOGING SOURCE
- Original cataloging agency: OSt
- Transcribing agency: OSt
100 ## - HEADING--PERSONAL NAME
- Personal name: नाडकर्णि, एम. व्ही.; अंबेकर, परिमला, अनु
670 ## - SOURCE DATA FOUND
- Source citation: Work cat.: (OSt)300295: नाडकर्णि, एम. व्ही.; अंबेकर, परिमला, अनु., हिन्दूधर्म, 2010
